• 首页
  • 本馆介绍
  • 公告通知
  • 最新文献
  • 馆藏检索
  • 电子资源
  • 读者导购
  • 参考咨询
  • 我的图书馆
  • 登录
  • 详细信息显示
  • 放入我的书架
  • 预约/预借图书
  • 作者相关作品
  • 分类相关作品
  • 丛书相关作品
  • 出版社相关作品

书目信息

  • 表格格式
  • 工作单格式
  • 卡片格式
题名:
基于MEMS技术的热梯度器件研究
    
 
作者: 聂金泉 著
分册:  
出版信息: 北京   中国水利水电出版社  2019.04
页数: 192页
开本: 24cm
丛书名:
单 册:
中图分类: TM38
科图分类:
主题词: 微电机--wei dian ji--工艺过程设计
电子资源:
ISBN: 978-7-5170-7299-7
000 01048nam0 2200253 450
001 2350322041
005 20231124135850.57
010    @a978-7-5170-7299-7@dCNY59.00
100    @a20190410d2019 em y0chiy50 ea
101 0  @achi
102    @aCN@b110000
105    @aa a 000yy
200 1  @a基于MEMS技术的热梯度器件研究@Aji yu MEMS ji shu de re ti du qi jian yan jiu@f聂金泉著
210    @a北京@c中国水利水电出版社@d2019.04
215    @a192页@c图@d24cm
312    @a英文题名取自封面
320    @a有书目 (第177-192页)
330    @a本书提出了一种基于MEMS技术的热梯度微流控系统, 设计了一种新型的梯度加热器, 由六个微加热芯片组成, 每个微加热芯片包含一个梯度单元和一个补偿单元, 采用数值模拟分析了铝薄膜的几何尺寸 (宽度和厚度) 对温度梯度和功耗的影响, 为微通道芯片的温度梯度的优化设计提供了参考。
510 1  @aResearch on thermal gradient devices based on MEMS technology@zeng
606 0  @a微电机@Awei dian ji@x工艺过程设计
690    @aTM38@v5
701  0 @a聂金泉@Anie jin quan@4著
801    @aCN@b山东中教@c20231121
905    @aBZT@dTM38@e1
    
    基于MEMS技术的热梯度器件研究/聂金泉著.-北京:中国水利水电出版社,2019.04
    192页:图;24cm
    
    
    ISBN 978-7-5170-7299-7:CNY59.00
    本书提出了一种基于MEMS技术的热梯度微流控系统, 设计了一种新型的梯度加热器, 由六个微加热芯片组成, 每个微加热芯片包含一个梯度单元和一个补偿单元, 采用数值模拟分析了铝薄膜的几何尺寸 (宽度和厚度) 对温度梯度和功耗的影响, 为微通道芯片的温度梯度的优化设计提供了参考。
●
相关链接 在五车中查询图书 在当当中查询图书 在豆瓣中查询图书


正题名:基于MEMS技术的热梯度器件研究     索取号:TM38/1         预约/预借

序号 登录号 条形码 馆藏地/架位号 状态 备注
1 2001042157   2001042157   中教第一批/山东中教(第一批)/574/ [索取号:TM38/1] 在馆    
2 2001042158   2001042158   中教第一批/山东中教(第一批)/574/ [索取号:TM38/1] 在馆    
3 2001042159   2001042159   中教第一批/山东中教(第一批)/574/ [索取号:TM38/1] 在馆    
4 2001042160   2001042160   中教第一批/山东中教(第一批)/574/ [索取号:TM38/1] 在馆    
5 2001042161   2001042161   中教第一批/山东中教(第一批)/574/ [索取号:TM38/1] 在馆    
6 2001042162   2001042162   中教第一批/山东中教(第一批)/574/ [索取号:TM38/1] 在馆    
山东省滨州职业学院图书馆 欢迎您!
大连网信软件有限公司© 版权所有